000 00803nac a22002297a 4500
001 BR6003613
003 BR-BrBNA
005 20240105113055.0
008 230509b bl.|||m| |||| 00| 0 por d
040 _aBR-BrBNA
_bpor
_cBiblioteca Nacional de Agricultura
072 _aE30; L00; F00
090 _aE30 BR6003613
110 1 _aSuperintendencia da Agricultura e Producao, Aracaju, SE (Brasil)
_910012
245 1 _aRelatorio de atividades 1972 [Superintendencia da Agricultura e Producao; Brasil]
260 3 _aAracaju, SE (Brasil):
_c1972.
300 _a69 p.
490 _aRelatorio - Superintendencia da Agricultura e Producao (Brazil)
_v
_x
650 _aDESENVOLVIMENTO AGRICOLA
650 _aASSISTENCIA TECNICA
909 _a202312
_bLúcia Elande
_c55
_dLúcia Elande
942 _2AGRIS
_n0
_cMS
999 _c261739
_d261739